[Event "XVII. DBMM Schach"]
[Site "Berlin"]
[Date "2017.11.02"]
[Round "1.3"]
[White "Santos, Paulo"]
[Black "Hein, Andrea"]
[Result "1-0"]
[WhiteElo "1817"]
[BlackElo "1418"]
[Annotator "br"]
[PlyCount "71"]
[EventDate "2017.??.??"]
[EventType "team-swiss"]
[EventRounds "7"]
[EventCountry "GER"]
[SourceTitle "XVII. DBMM 2017"]
[Source "FV Schach e.V."]
[SourceDate "2018.05.26"]
[SourceVersion "1"]
[SourceVersionDate "2018.05.26"]
[SourceQuality "1"]
[WhiteTeam "Europäisches Patentamt Muenchen"]
[BlackTeam "Baubehoerde Hamburg II"]
[WhiteTeamCountry "GER"]
[BlackTeamCountry "GER"]

1. e4 e5 2. Nf3 Nc6 3. Nc3 Nf6 4. Bb5 d6 5. d3 Bd7 6. Bg5 Be7 7. O-O O-O 8. Re1
Re8 9. Ne2 a6 10. Ba4 h6 11. Bd2 Rb8 12. Ng3 Nh7 13. c3 Ng5 14. Bxg5 Bxg5 15.
d4 exd4 16. cxd4 Bf6 17. Rb1 Bg4 18. d5 b5 19. dxc6 bxa4 20. Qxa4 Rb6 21. Nd4
Be6 22. Nxe6 fxe6 23. b3 Qa8 24. Rbc1 Bg5 25. Rc2 Bf6 26. Qc4 Kf8 27. Nh5 d5
28. exd5 exd5 29. Qc5+ Be7 30. Qxd5 Rb5 31. Qf3+ Kg8 32. Rce2 Qd8 33. Ng3 Rd5
34. Re3 Rd6 35. Nf5 Rf6 36. Qg4 1-0

[Event "XVII. DBMM Schach"]
[Site "Berlin"]
[Date "2017.11.02"]
[Round "1.4"]
[White "Benten, Wolfgang"]
[Black "Achermann, Didier"]
[Result "1/2-1/2"]
[WhiteElo "1556"]
[BlackElo "1811"]
[Annotator "br"]
[PlyCount "80"]
[EventDate "2017.??.??"]
[EventType "team-swiss"]
[EventRounds "7"]
[EventCountry "GER"]
[SourceTitle "XVII. DBMM 2017"]
[Source "FV Schach e.V."]
[SourceDate "2018.05.26"]
[SourceVersion "1"]
[SourceVersionDate "2018.05.26"]
[SourceQuality "1"]
[WhiteTeam "Baubehoerde Hamburg II"]
[BlackTeam "Europäisches Patentamt Muenchen"]
[WhiteTeamCountry "GER"]
[BlackTeamCountry "GER"]

1. d4 Nf6 2. c4 g6 3. Nc3 Bg7 4. e4 d6 5. f3 O-O 6. Be3 e5 7. d5 Nh5 8. Qd2 Re8
9. g4 Nf6 10. Be2 a6 11. Nh3 c6 12. Nf2 b5 13. cxb5 axb5 14. b4 cxd5 15. exd5
Ba6 16. Nfe4 Qd7 17. h3 Nxe4 18. fxe4 Qb7 19. O-O Nd7 20. a4 Qb8 21. axb5 Bc8
22. Ra5 Nf6 23. Rfa1 Bb7 24. b6 Rc8 25. Bd3 h5 26. gxh5 Nxh5 27. Nb5 Nf4 28.
Nc7 Rxc7 29. bxc7 Qc8 30. Rxa8 Bxa8 31. Bxf4 exf4 32. Rc1 Bd4+ 33. Kg2 Be3 34.
Qc2 Bb7 35. Ra1 f3+ 36. Kg3 g5 37. Ba6 Bd4 38. Bxb7 Be5+ 39. Kf2 Bd4+ 40. Kxf3
Qxh3+ 1/2-1/2

[Event "XVII. DBMM Schach"]
[Site "Berlin"]
[Date "2017.11.02"]
[Round "1.1"]
[White "Hohlfeld, Wolfgang"]
[Black "Warnest, Stefan"]
[Result "1-0"]
[WhiteElo "2070"]
[BlackElo "1531"]
[Annotator "br"]
[PlyCount "79"]
[EventDate "2017.??.??"]
[EventType "team-swiss"]
[EventRounds "7"]
[EventCountry "GER"]
[SourceTitle "XVII. DBMM 2017"]
[Source "FV Schach e.V."]
[SourceDate "2018.05.26"]
[SourceVersion "1"]
[SourceVersionDate "2018.05.26"]
[SourceQuality "1"]
[WhiteTeam "Baubehoerde Hamburg"]
[BlackTeam "BA Tempelhof Berlin IV"]
[WhiteTeamCountry "GER"]
[BlackTeamCountry "GER"]

1. e4 c6 2. d4 d5 3. exd5 cxd5 4. c4 Nf6 5. Nc3 e6 6. Nf3 Nc6 7. c5 Be7 8. Bb5
O-O 9. O-O a6 10. Bxc6 bxc6 11. Ne5 Qc7 12. Re1 Nd7 13. Bf4 Bf6 14. Ng6 Qb7 15.
Nxf8 Nxf8 16. Rb1 Ng6 17. Be3 e5 18. dxe5 Bxe5 19. Bd4 Bxd4 20. Re8+ Nf8 21.
Qxd4 Be6 22. Rxa8 Qxa8 23. b4 Bf5 24. Re1 Ne6 25. Qe5 Bg6 26. Ne2 Qb7 27. Nd4
Nf8 28. a3 Qc8 29. Qd6 h6 30. Nxc6 Kh7 31. Qxd5 Ne6 32. Ne7 Nf4 33. Nxc8 Nxd5
34. Ne7 Nc7 35. Nxg6 Kxg6 36. Re7 Nb5 37. a4 Nd4 38. Ra7 f6 39. Rxa6 Kf5 40.
Rd6 1-0

[Event "XVII. DBMM Schach"]
[Site "Berlin"]
[Date "2017.11.02"]
[Round "1.2"]
[White "Frahm, Werner"]
[Black "Hein, Ralf"]
[Result "0-1"]
[WhiteElo "1527"]
[BlackElo "2045"]
[Annotator "br"]
[PlyCount "88"]
[EventDate "2017.??.??"]
[EventType "team-swiss"]
[EventRounds "7"]
[EventCountry "GER"]
[SourceTitle "XVII. DBMM 2017"]
[Source "FV Schach e.V."]
[SourceDate "2018.05.26"]
[SourceVersion "1"]
[SourceVersionDate "2018.05.26"]
[SourceQuality "1"]
[WhiteTeam "BA Tempelhof Berlin IV"]
[BlackTeam "Baubehoerde Hamburg"]
[WhiteTeamCountry "GER"]
[BlackTeamCountry "GER"]

1. Nf3 c5 2. e4 Nc6 3. Bc4 e6 4. Nc3 Nge7 5. a3 d5 6. exd5 exd5 7. Ba2 Bg4 8.
h3 Bh5 9. g4 Bg6 10. Qe2 d4 11. Ne4 b6 12. d3 Qc7 13. Bd2 O-O-O 14. Nfg5 Nd5
15. Rf1 h6 16. Nf3 Nf4 17. Bxf4 Qxf4 18. Nfd2 Be7 19. O-O-O Rhe8 20. f3 Bg5 21.
Kb1 Bh4 22. Bc4 Kb7 23. Qg2 a6 24. a4 Re5 25. b3 Ne7 26. Kb2 Nd5 27. Bxd5+
Rexd5 28. Nc4 f6 29. Rd2 Bf7 30. Re2 R5d7 31. Ned2 Bd5 32. Ne4 Kc6 33. Ncd2 Ra8
34. Qh2 Qxh2 35. Rxh2 b5 36. Ra1 Raa7 37. Re2 Rf7 38. c4 dxc3+ 39. Nxc3 f5 40.
Re5 Bf6 41. Rxd5 Bxc3+ 42. Kxc3 Kxd5 43. gxf5 b4+ 44. Kc2 Rae7 0-1

[Event "XVII. DBMM Schach"]
[Site "Berlin"]
[Date "2017.11.02"]
[Round "1.1"]
[White "Obermeier, Karlheinz"]
[Black "Blum, Norbert"]
[Result "0-1"]
[WhiteElo "1526"]
[BlackElo "1995"]
[Annotator "br"]
[PlyCount "40"]
[EventDate "2017.??.??"]
[EventType "team-swiss"]
[EventRounds "7"]
[EventCountry "GER"]
[SourceTitle "XVII. DBMM 2017"]
[Source "FV Schach e.V."]
[SourceDate "2018.05.26"]
[SourceVersion "1"]
[SourceVersionDate "2018.05.26"]
[SourceQuality "1"]
[WhiteTeam "ADAC Muenchen II"]
[BlackTeam "Sparkassen-Vers. Stuttgart"]
[WhiteTeamCountry "GER"]
[BlackTeamCountry "GER"]

1. d4 Nf6 2. c4 g6 3. e3 Bg7 4. Nc3 d5 5. Nf3 O-O 6. a3 c5 7. dxc5 dxc4 8. Bxc4
Qxd1+ 9. Kxd1 Nbd7 10. Na4 Ne4 11. Ke2 Ndxc5 12. Nxc5 Nxc5 13. Rd1 Bd7 14. Nd4
Ba4 15. Rd2 Rac8 16. b3 Bxb3 17. Bd3 e5 18. Nxb3 Nxb3 19. Bb2 Nxa1 20. Bxa1 e4
0-1

[Event "XVII. DBMM Schach"]
[Site "Berlin"]
[Date "2017.11.02"]
[Round "1.2"]
[White "Bohne, Uwe"]
[Black "Laijh, Anton"]
[Result "1-0"]
[WhiteElo "2032"]
[BlackElo "1541"]
[Annotator "br"]
[PlyCount "49"]
[EventDate "2017.??.??"]
[EventType "team-swiss"]
[EventRounds "7"]
[EventCountry "GER"]
[SourceTitle "XVII. DBMM 2017"]
[Source "FV Schach e.V."]
[SourceDate "2018.05.26"]
[SourceVersion "1"]
[SourceVersionDate "2018.05.26"]
[SourceQuality "1"]
[WhiteTeam "Sparkassen-Vers. Stuttgart"]
[BlackTeam "ADAC Muenchen II"]
[WhiteTeamCountry "GER"]
[BlackTeamCountry "GER"]

1. d4 d5 2. Bf4 Bf5 3. e3 h6 4. c4 e6 5. Nc3 Be7 6. Qb3 b6 7. cxd5 exd5 8. Qxd5
Qxd5 9. Nxd5 Bd8 10. Nxc7+ Bxc7 11. Bxc7 Nd7 12. Ba6 Ke7 13. Ne2 Ngf6 14. Nc3
g5 15. f3 g4 16. e4 Bh7 17. Kf2 gxf3 18. gxf3 Rag8 19. Bg3 Nh5 20. Nd5+ Kd8 21.
Rac1 Ndf6 22. Nxf6 Nxg3 23. Rc8+ Ke7 24. Nxg8+ Rxg8 25. hxg3 1-0

[Event "XVII. DBMM Schach"]
[Site "Berlin"]
[Date "2017.11.02"]
[Round "1.3"]
[White "Zunk, Olaf"]
[Black "Bischoff, Ulrich"]
[Result "1/2-1/2"]
[WhiteElo "1352"]
[BlackElo "2072"]
[Annotator "br"]
[PlyCount "33"]
[EventDate "2017.??.??"]
[EventType "team-swiss"]
[EventRounds "7"]
[EventCountry "GER"]
[SourceTitle "XVII. DBMM 2017"]
[Source "FV Schach e.V."]
[SourceDate "2018.05.26"]
[SourceVersion "1"]
[SourceVersionDate "2018.05.26"]
[SourceQuality "1"]
[WhiteTeam "ADAC Muenchen II"]
[BlackTeam "Sparkassen-Vers. Stuttgart"]
[WhiteTeamCountry "GER"]
[BlackTeamCountry "GER"]

1. b3 d5 2. Bb2 Bf5 3. e3 e6 4. d4 Nf6 5. f3 c6 6. Nc3 Bb4 7. Qd2 h6 8. O-O-O
Qa5 9. Kb1 Nbd7 10. g4 Bg6 11. h4 O-O-O 12. Bd3 Bxd3 13. Qxd3 Ba3 14. Nge2 Bxb2
15. Kxb2 Qc7 16. Na4 Kb8 17. Rc1 1/2-1/2

[Event "XVII. DBMM Schach"]
[Site "Berlin"]
[Date "2017.11.02"]
[Round "1.4"]
[White "Marten, Gero"]
[Black "Zunk, Steffi"]
[Result "1-0"]
[WhiteElo "2008"]
[BlackElo "801"]
[Annotator "br"]
[PlyCount "53"]
[EventDate "2017.??.??"]
[EventType "team-swiss"]
[EventRounds "7"]
[EventCountry "GER"]
[SourceTitle "XVII. DBMM 2017"]
[Source "FV Schach e.V."]
[SourceDate "2018.05.26"]
[SourceVersion "1"]
[SourceVersionDate "2018.05.26"]
[SourceQuality "1"]
[WhiteTeam "Sparkassen-Vers. Stuttgart"]
[BlackTeam "ADAC Muenchen II"]
[WhiteTeamCountry "GER"]
[BlackTeamCountry "GER"]

1. Nf3 Nc6 2. d4 d5 3. Bf4 Bf5 4. e3 Nf6 5. c3 e6 6. Bb5 Qd7 7. Ne5 Qd8 8. Nxc6
bxc6 9. Bxc6+ Nd7 10. Bxa8 Qxa8 11. O-O Be7 12. Nd2 c6 13. f3 Nf6 14. Re1 O-O
15. Bg3 c5 16. Nb3 Nd7 17. Nd2 Bf6 18. e4 Bg6 19. e5 Bg5 20. f4 Bh6 21. Nf3 f5
22. Qa4 Nb6 23. Qa6 Bf7 24. dxc5 Nc4 25. b3 Nb2 26. Rab1 Nd3 27. Qxd3 1-0

[Event "XVII. DBMM Schach"]
[Site "Berlin"]
[Date "2017.11.02"]
[Round "1.1"]
[White "Gempe, Thomas"]
[Black "Jacobsen, Ruediger"]
[Result "1-0"]
[WhiteElo "2196"]
[BlackElo "1497"]
[Annotator "br"]
[PlyCount "41"]
[EventDate "2017.??.??"]
[EventType "team-swiss"]
[EventRounds "7"]
[EventCountry "GER"]
[SourceTitle "XVII. DBMM 2017"]
[Source "FV Schach e.V."]
[SourceDate "2018.05.26"]
[SourceVersion "1"]
[SourceVersionDate "2018.05.26"]
[SourceQuality "1"]
[WhiteTeam "ADAC Muenchen"]
[BlackTeam "SG Airbus Bremen"]
[WhiteTeamCountry "GER"]
[BlackTeamCountry "GER"]

1. e4 e5 2. Nf3 Nc6 3. Bc4 Bc5 4. c3 d6 5. d4 exd4 6. cxd4 Bb6 7. h3 Qf6 8. Be3
h6 9. Nc3 Nge7 10. O-O Bd7 11. e5 dxe5 12. dxe5 Qf5 13. g4 Qh7 14. Bxb6 O-O-O
15. Bxc7 Bxg4 16. Bxd8 Rxd8 17. Ng5 Rxd1 18. Nxh7 Rxf1+ 19. Bxf1 Bf5 20. Nf8
Ng6 21. Nxg6 1-0

[Event "XVII. DBMM Schach"]
[Site "Berlin"]
[Date "2017.11.02"]
[Round "1.2"]
[White "Hueners, Rolf"]
[Black "Haas, Peter"]
[Result "0-1"]
[WhiteElo "1400"]
[BlackElo "2092"]
[Annotator "br"]
[PlyCount "58"]
[EventDate "2017.??.??"]
[EventType "team-swiss"]
[EventRounds "7"]
[EventCountry "GER"]
[SourceTitle "XVII. DBMM 2017"]
[Source "FV Schach e.V."]
[SourceDate "2018.05.26"]
[SourceVersion "1"]
[SourceVersionDate "2018.05.26"]
[SourceQuality "1"]
[WhiteTeam "SG Airbus Bremen"]
[BlackTeam "ADAC Muenchen"]
[WhiteTeamCountry "GER"]
[BlackTeamCountry "GER"]

1. d4 e6 2. Bd2 Nf6 3. Nc3 d5 4. e3 Be7 5. Nf3 Nbd7 6. Be2 c5 7. dxc5 Nxc5 8.
Bb5+ Bd7 9. Ne5 Bxb5 10. Nxb5 Qb8 11. Ng4 a6 12. Nc3 b5 13. b4 Ncd7 14. a3 O-O
15. Ra2 Rc8 16. O-O Rc4 17. f4 Qb6 18. Qe2 Rac8 19. Rc1 Nxg4 20. Nd1 Rxf4 21.
Kh1 Rf6 22. Nc3 Rg6 23. h3 Qd6 24. hxg4 Rh6+ 25. Kg1 Qh2+ 26. Kf1 Rf6+ 27. Qf2
Rxf2+ 28. Kxf2 Bh4+ 29. Ke2 Qxg2+ 0-1

[Event "XVII. DBMM Schach"]
[Site "Berlin"]
[Date "2017.11.02"]
[Round "1.3"]
[White "Gempe, Anet"]
[Black "Waltz, Juergen"]
[Result "1-0"]
[WhiteElo "1997"]
[BlackElo "1400"]
[Annotator "br"]
[PlyCount "43"]
[EventDate "2017.??.??"]
[EventType "team-swiss"]
[EventRounds "7"]
[EventCountry "GER"]
[SourceTitle "XVII. DBMM 2017"]
[Source "FV Schach e.V."]
[SourceDate "2018.05.26"]
[SourceVersion "1"]
[SourceVersionDate "2018.05.26"]
[SourceQuality "1"]
[WhiteTeam "ADAC Muenchen"]
[BlackTeam "SG Airbus Bremen"]
[WhiteTeamCountry "GER"]
[BlackTeamCountry "GER"]

1. e4 c5 2. Nf3 Nc6 3. d3 e6 4. c3 Nf6 5. Bg5 Be7 6. Nbd2 h6 7. Bh4 a6 8. a4 b6
9. Be2 Bb7 10. O-O O-O 11. Qc2 Qc7 12. Rfc1 Rfc8 13. Qb3 d6 14. Nc4 Nd7 15. Bg3
Bf6 16. Nxd6 Nce5 17. Nxc8 Rxc8 18. Nxe5 Bxe5 19. Rf1 Qc6 20. f4 Bd6 21. Bf3
Qc7 22. e5 1-0

[Event "XVII. DBMM Schach"]
[Site "Berlin"]
[Date "2017.11.02"]
[Round "1.4"]
[White "Schroeder, Wilfried"]
[Black "Baudrexel, Peter"]
[Result "0-1"]
[WhiteElo "1400"]
[BlackElo "1825"]
[Annotator "br"]
[PlyCount "44"]
[EventDate "2017.??.??"]
[EventType "team-swiss"]
[EventRounds "7"]
[EventCountry "GER"]
[SourceTitle "XVII. DBMM 2017"]
[Source "FV Schach e.V."]
[SourceDate "2018.05.26"]
[SourceVersion "1"]
[SourceVersionDate "2018.05.26"]
[SourceQuality "1"]
[WhiteTeam "SG Airbus Bremen"]
[BlackTeam "ADAC Muenchen"]
[WhiteTeamCountry "GER"]
[BlackTeamCountry "GER"]

1. Nf3 d5 2. d4 c6 3. a3 Bg4 4. g3 e6 5. Bg2 Bd6 6. c3 Nd7 7. O-O f5 8. Nbd2
Ngf6 9. Ng5 Qe7 10. f3 Bh5 11. Nb3 h6 12. Nh3 g5 13. f4 Ne4 14. Bxe4 dxe4 15.
Be3 O-O-O 16. Qd2 Rdg8 17. Kg2 Nb6 18. Na5 Nd5 19. Kf2 Bg4 20. Ng1 gxf4 21.
gxf4 Qh4+ 22. Kg2 Bf3# 0-1

[Event "XVII. DBMM Schach"]
[Site "Berlin"]
[Date "2017.11.02"]
[Round "2.1"]
[White "Muse, Mladen"]
[Black "Gohil, Harry"]
[Result "1/2-1/2"]
[WhiteElo "2391"]
[BlackElo "2254"]
[Annotator "br"]
[PlyCount "110"]
[EventDate "2017.??.??"]
[EventType "team-swiss"]
[EventRounds "7"]
[EventCountry "GER"]
[SourceTitle "XVII. DBMM 2017"]
[Source "FV Schach e.V."]
[SourceDate "2018.05.26"]
[SourceVersion "1"]
[SourceVersionDate "2018.05.26"]
[SourceQuality "1"]
[WhiteTeam "Deutsche Bahn/BSW Berlin"]
[BlackTeam "Commerzbank Frankfurt"]
[WhiteTeamCountry "GER"]
[BlackTeamCountry "GER"]

1. Nf3 Nf6 2. g3 g6 3. b3 Bg7 4. Bb2 d6 5. d4 Nc6 6. Bg2 e5 7. dxe5 Ng4 8. h3
Ngxe5 9. Nxe5 Nxe5 10. Qc1 O-O 11. O-O f5 12. c4 h5 13. f4 Nf7 14. Bxg7 Kxg7
15. Qb2+ Qf6 16. Nc3 h4 17. Qd2 c6 18. Rf3 Bd7 19. Raf1 Rae8 20. e4 Re7 21.
exf5 gxf5 22. gxh4 Rh8 23. Qf2 a6 24. Ne2 Qxh4 25. Qd4+ Kf8 26. Qf2 Re6 27. Re3
Rg6 28. Qxh4 Rxh4 29. Rg3 Rxg3 30. Nxg3 Nh8 31. Kh2 Ng6 32. Ne2 Ke7 33. Kg3 Rh7
34. Rf3 Kd8 35. Re3 Kc7 36. Kf2 b5 37. cxb5 axb5 38. a4 bxa4 39. bxa4 c5 40.
Rg3 Nh4 41. Bd5 Bxa4 42. Ra3 Bd7 43. Ra7+ Kd8 44. Nc3 Ng6 45. Ra8+ Kc7 46. Nb5+
Kb6 47. Rb8+ Ka6 48. Nxd6 Nxf4 49. Bc4+ Ka5 50. Bf1 Nxh3+ 51. Ke1 f4 52. Nc4+
Ka6 53. Nd6+ Ka5 54. Nc4+ Ka6 55. Nd6+ Ka5 1/2-1/2

[Event "XVII. DBMM Schach"]
[Site "Berlin"]
[Date "2017.11.02"]
[Round "2.2"]
[White "Hilbig, Olaf"]
[Black "Kleeschaetzky, Rainer"]
[Result "0-1"]
[WhiteElo "2167"]
[BlackElo "2304"]
[Annotator "br"]
[PlyCount "78"]
[EventDate "2017.??.??"]
[EventType "team-swiss"]
[EventRounds "7"]
[EventCountry "GER"]
[SourceTitle "XVII. DBMM 2017"]
[Source "FV Schach e.V."]
[SourceDate "2018.05.26"]
[SourceVersion "1"]
[SourceVersionDate "2018.05.26"]
[SourceQuality "1"]
[WhiteTeam "Commerzbank Frankfurt"]
[BlackTeam "Deutsche Bahn/BSW Berlin"]
[WhiteTeamCountry "GER"]
[BlackTeamCountry "GER"]

1. Nc3 d5 2. d4 e6 3. e4 Bb4 4. e5 c5 5. a3 Bxc3+ 6. bxc3 Qc7 7. Bd3 b6 8. Bd2
Ne7 9. Nf3 Ba6 10. Bxa6 Nxa6 11. Qe2 Nb8 12. O-O Nd7 13. Bg5 Rc8 14. Rac1 Ng6
15. h4 h6 16. Bd2 Ne7 17. Rfe1 h5 18. Qe3 Nf5 19. Qg5 Qd8 20. Qf4 Nf8 21. dxc5
Rxc5 22. g3 Rc4 23. Nd4 Ng6 24. Qf3 Nge7 25. Nb5 Qd7 26. Nd6+ Nxd6 27. exd6
Qxd6 28. Bf4 Qc6 29. Be5 Kf8 30. Bd4 Nf5 31. Qf4 Qc7 32. Qd2 Kg8 33. Be5 Qc8
34. Qe2 f6 35. Bf4 Kf7 36. Bd2 e5 37. Rcd1 Qe6 38. Bc1 g6 39. Rd3 e4 {Rest
unleserlich.} 0-1

[Event "XVII. DBMM Schach"]
[Site "Berlin"]
[Date "2017.11.02"]
[Round "2.3"]
[White "Baumbach, Friedrich"]
[Black "Hummel, Dennis"]
[Result "0-1"]
[WhiteElo "2167"]
[BlackElo "2029"]
[Annotator "br"]
[PlyCount "175"]
[EventDate "2017.??.??"]
[EventType "team-swiss"]
[EventRounds "7"]
[EventCountry "GER"]
[SourceTitle "XVII. DBMM 2017"]
[Source "FV Schach e.V."]
[SourceDate "2018.05.26"]
[SourceVersion "1"]
[SourceVersionDate "2018.05.26"]
[SourceQuality "1"]
[WhiteTeam "Deutsche Bahn/BSW Berlin"]
[BlackTeam "Commerzbank Frankfurt"]
[WhiteTeamCountry "GER"]
[BlackTeamCountry "GER"]

1. d4 e6 2. c4 Nf6 3. Nf3 b6 4. g3 Bb7 5. Bg2 d6 6. O-O Nbd7 7. Nc3 Be7 8. b3
Ne4 9. Bb2 O-O 10. Qc2 f5 11. Nd2 d5 12. Rad1 Bf6 13. e3 Qe7 14. Ne2 Rac8 15.
Nxe4 dxe4 16. f3 exf3 17. Bxf3 Bxf3 18. Rxf3 g6 19. e4 c5 20. exf5 exf5 21. Nf4
Bxd4+ 22. Bxd4 cxd4 23. Qd2 Qe4 24. Rff1 Ne5 25. Qxd4 Qxd4+ 26. Rxd4 Rfd8 27.
Rd5 $11 Rxd5 28. Nxd5 Kf7 29. Kg2 Re8 30. Re1 h6 31. Nc7 Re7 32. Nb5 Kf6 33.
Rd1 Ng4 34. Rd6+ Kf7 35. h3 Nf6 36. Nc3 Re6 37. Rd3 Re1 38. Rd2 Re3 39. Nd1
Rxg3+ 40. Kxg3 Ne4+ 41. Kf4 Nxd2 42. Ke5 Nf3+ 43. Kd5 g5 44. b4 Kf6 45. Ne3 h5
46. c5 bxc5 47. bxc5 Ne5 48. Kd6 Nf7+ 49. Kd5 f4 50. Nc4 Nd8 51. Ne5 Ne6 52. c6
Kf5 53. Nf3 Kf6 54. Nxg5 Nc7+ 55. Kd6 Kxg5 56. Kxc7 f3 57. Kb7 f2 58. c7 f1=Q
59. c8=Q Qb1+ 60. Kxa7 Qxa2+ 61. Kb6 Qb3+ 62. Ka5 Qa3+ 63. Kb5 Qb3+ 64. Ka5
Qd5+ 65. Kb6 Kh4 66. Ka7 Qa2+ 67. Kb6 Qb3+ 68. Ka5 Qxh3 69. Qd8+ Kg3 70. Qg5+
Qg4 71. Qe3+ Kh4 72. Qf2+ Kg5 73. Qd2+ Qf4 74. Qd8+ Qf6 75. Qd2+ Kg6 76. Ka4
Qh4+ 77. Kb3 Qg3+ 78. Kb2 h4 79. Qc2+ Kg5 80. Qc5+ Kg4 81. Qc8+ Kf3 82. Qc6+
Kf2 83. Qf6+ Kg1 84. Qh6 h3 85. Kc1 Qe1+ 86. Kc2 h2 87. Qg5+ Kf1 88. Qh5 0-1

[Event "XVII. DBMM Schach"]
[Site "Berlin"]
[Date "2017.11.02"]
[Round "2.4"]
[White "Fischer, Alexander"]
[Black "Kleeschaetzky, Ralf"]
[Result "1/2-1/2"]
[WhiteElo "2043"]
[BlackElo "2239"]
[Annotator "br"]
[PlyCount "26"]
[EventDate "2017.??.??"]
[EventType "team-swiss"]
[EventRounds "7"]
[EventCountry "GER"]
[SourceTitle "XVII. DBMM 2017"]
[Source "FV Schach e.V."]
[SourceDate "2018.05.26"]
[SourceVersion "1"]
[SourceVersionDate "2018.05.26"]
[SourceQuality "1"]
[WhiteTeam "Commerzbank Frankfurt"]
[BlackTeam "Deutsche Bahn/BSW Berlin"]
[WhiteTeamCountry "GER"]
[BlackTeamCountry "GER"]

1. d4 Nf6 2. c4 c5 3. d5 e6 4. Nc3 exd5 5. cxd5 d6 6. e4 g6 7. Bd3 Bg7 8. Nge2
O-O 9. O-O Re8 10. f3 b6 11. Rb1 Na6 12. a3 Nc7 13. Re1 Ba6 1/2-1/2

[Event "XVII. DBMM Schach"]
[Site "Berlin"]
[Date "2017.11.02"]
[Round "2.1"]
[White "Ozerov, Ilja"]
[Black "Schramm, Christian"]
[Result "1/2-1/2"]
[WhiteElo "2161"]
[BlackElo "2368"]
[Annotator "br"]
[PlyCount "46"]
[EventDate "2017.??.??"]
[EventType "team-swiss"]
[EventRounds "7"]
[EventCountry "GER"]
[SourceTitle "XVII. DBMM 2017"]
[Source "FV Schach e.V."]
[SourceDate "2018.05.26"]
[SourceVersion "1"]
[SourceVersionDate "2018.05.26"]
[SourceQuality "1"]
[WhiteTeam "RWE Essen"]
[BlackTeam "AGI Frankfurt"]
[WhiteTeamCountry "GER"]
[BlackTeamCountry "GER"]

1. d4 Nf6 2. e3 c5 3. Bd3 e6 4. f4 Qc7 5. Nf3 b6 6. Qe2 Nc6 7. c3 Be7 8. O-O
Bb7 9. Ne5 O-O 10. Nd2 Rac8 11. g4 d6 12. g5 Ne8 13. Bxh7+ Kxh7 14. Qh5+ Kg8
15. Rf3 g6 16. Nxg6 fxg6 17. Qxg6+ Ng7 18. Rh3 Nxd4 19. cxd4 cxd4 20. Qh6 Qc2
21. g6 Qd1+ 22. Nf1 Qg4+ 23. Ng3 Qd1+ 1/2-1/2

[Event "XVII. DBMM Schach"]
[Site "Berlin"]
[Date "2017.11.02"]
[Round "2.2"]
[White "Rietze, Clemens"]
[Black "Limbourg, Philipp"]
[Result "0-1"]
[WhiteElo "2319"]
[BlackElo "2214"]
[Annotator "br"]
[PlyCount "100"]
[EventDate "2017.??.??"]
[EventType "team-swiss"]
[EventRounds "7"]
[EventCountry "GER"]
[SourceTitle "XVII. DBMM 2017"]
[Source "FV Schach e.V."]
[SourceDate "2018.05.26"]
[SourceVersion "1"]
[SourceVersionDate "2018.05.26"]
[SourceQuality "1"]
[WhiteTeam "AGI Frankfurt"]
[BlackTeam "RWE Essen"]
[WhiteTeamCountry "GER"]
[BlackTeamCountry "GER"]

1. d4 Nf6 2. c4 c5 3. d5 b5 4. cxb5 a6 5. bxa6 g6 6. Nc3 Bg7 7. e4 O-O 8. Nf3
Qa5 9. Nd2 Bxa6 10. Be2 d6 11. O-O Nfd7 12. Nb3 Qb4 13. Re1 Bxc3 14. bxc3 Qxc3
15. Rb1 Bxe2 16. Rxe2 Qc4 17. a3 Ne5 18. Re3 Qa4 19. Qe2 Qa6 20. Qc2 Nbd7 21.
Nd2 Rfb8 22. Bb2 Qa4 23. Qc3 Qa5 24. Qc1 Qa6 25. Ba1 Rxb1 26. Qxb1 Rb8 27. Qc2
f6 28. f4 Ng4 29. Rd3 c4 30. Rd4 Qxa3 31. Qc3 Qa7 32. h3 Ne3 33. Kh2 Nd1 34.
Qc1 c3 35. Bxc3 Rc8 36. Qxd1 Rxc3 37. Nf3 Qc5 38. Qa4 Qc7 39. Rb4 Kg7 40. Nd4
Nc5 41. Qe8 Rd3 42. Ne6+ Nxe6 43. dxe6 Rd2 44. Qa4 Qc1 45. Rb7 Qf1 46. Rxe7+
Kh6 47. Rxh7+ Kxh7 48. Qa7+ Kh6 49. Qg1 Qxg1+ 50. Kxg1 Kg7 0-1

[Event "XVII. DBMM Schach"]
[Site "Berlin"]
[Date "2017.11.02"]
[Round "2.3"]
[White "Broszeit, Peter"]
[Black "Guth, Thomas"]
[Result "1/2-1/2"]
[WhiteElo "1950"]
[BlackElo "2328"]
[Annotator "br"]
[PlyCount "106"]
[EventDate "2017.??.??"]
[EventType "team-swiss"]
[EventRounds "7"]
[EventCountry "GER"]
[SourceTitle "XVII. DBMM 2017"]
[Source "FV Schach e.V."]
[SourceDate "2018.05.26"]
[SourceVersion "1"]
[SourceVersionDate "2018.05.26"]
[SourceQuality "1"]
[WhiteTeam "RWE Essen"]
[BlackTeam "AGI Frankfurt"]
[WhiteTeamCountry "GER"]
[BlackTeamCountry "GER"]

1. e4 e6 2. d4 d5 3. Nc3 Bb4 4. e5 Ne7 5. a3 Bxc3+ 6. bxc3 c5 7. Qg4 Qc7 8.
Qxg7 Rg8 9. Qxh7 cxd4 10. Kd1 dxc3 11. Nf3 Nbc6 12. Ng5 Rf8 13. f4 Bd7 14. Be2
Nd4 15. Nxf7 Nxe2 16. Nd6+ Kd8 17. Kxe2 Bc6 18. Be3 Be8 19. Qd3 Nc8 20. Nxe8
Kxe8 21. Rab1 b6 22. Rb3 Ne7 23. Rxc3 Qb7 24. Rg1 Rd8 25. Rb3 d4 26. Bd2 Nf5
27. g4 Ne7 28. Kd1 Nd5 29. Qg6+ Kd7 30. f5 Nc3+ 31. Bxc3 Qf3+ 32. Kc1 dxc3 33.
Qxe6+ Kc7 34. Qc4+ Kb8 35. Rxc3 Qf2 36. Rf1 Qxh2 37. e6 Rc8 38. Qd3 Rxc3 39.
Qxc3 Rc8 40. Qd3 Qe5 41. Kb1 Rc3 42. Qd8+ Rc8 43. Qd7 Rc7 44. Qe8+ Rc8 45. Qa4
Rc7 46. Rf2 Qe1+ 47. Kb2 Kb7 48. Rd2 Kc8 49. Qd4 a5 50. Qd8+ Kb7 51. Rd7 Qc3+
52. Kb1 Qxc2+ 53. Ka1 Qc1+ 1/2-1/2